|
|
|
|
| LEADER |
00000cam a2200000 7i4500 |
| 001 |
0000059136 |
| 005 |
20220105105404.0 |
| 008 |
160125 |
| 020 |
|
|
|a 9789670201436
|
| 090 |
0 |
0 |
|a JF
|b CT MAL
|
| 100 |
0 |
|
|a Noor Suraya
|
| 245 |
1 |
0 |
|a Hikayat Hang Tuah
|c Noor Suraya
|
| 260 |
|
|
|a Selangor :
|b JS Adiwarna Pub. & Dist. Sdn. Bhd ,
|c 2012
|
| 300 |
|
|
|a 376 p. :
|b ill. col. ;
|c 26.2 cm.
|
| 500 |
|
|
|a Children ages 7-9 years old (orange)
|
| 650 |
|
0 |
|a Malay fiction
|
| 999 |
|
|
|a 0001379900
|b Book
|c Children Collection
|e Cawangan Urban Transformation Centre
|
| 999 |
|
|
|a 0001379901
|b Book
|c Children Collection
|e Cawangan Bukit Gambir
|
| 999 |
|
|
|a 0001381320
|b Book
|c Children Collection
|e Cawangan Taman Sri Lambak
|
| 999 |
|
|
|a 0001381321
|b Book
|c Children Collection
|e Cawangan Muar
|
| 999 |
|
|
|a 0001381322
|b Book
|c Children Collection
|e Cawangan Tmn. Ungku Tun Aminah
|
| 999 |
|
|
|a 0001381323
|b Book
|c Children Collection
|e Cawangan Bandar Tenggara
|
| 999 |
|
|
|a 0001381324
|b Book
|c Children Collection
|e Cawangan Tangkak
|
| 999 |
|
|
|a 0001381325
|b Book
|c Children Collection
|e Cawangan Batu Pahat
|
| 999 |
|
|
|a 0001381326
|b Book
|c Children Collection
|e Cawangan Segamat
|
| 999 |
|
|
|a 0001381327
|b Book
|c Children Collection
|e Cawangan Taman Universiti
|
| 999 |
|
|
|a 0001381328
|b Book
|c Children Collection
|e Cawangan Pontian
|
| 999 |
|
|
|a 0001381330
|b Book
|c Children Collection
|e Cawangan Bandar Penawar
|
| 999 |
|
|
|a 0001381331
|b Book
|c Children Collection
|e Cawangan Mersing
|
| 999 |
|
|
|a 0001381332
|b Book
|c Children Collection
|e Cawangan Sri Merlong
|